| 000 | 01049cam a22003137a 4500 | ||
|---|---|---|---|
| 003 | CHAP | ||
| 005 | 20220329141744.0 | ||
| 008 | 971013s1978 r 00010 d | ||
| 010 | _a73368 | ||
| 011 | _a74340 | ||
| 035 | _a83899 | ||
| 040 | _cCHAP | ||
| 082 |
_a635.8 _bG37 |
||
| 100 | 0 | 0 |
_aGarcía Rollán, Mariano. _946546 |
| 245 | 0 | _aPlagas y enfermedades del champiñón y de las setas | |
| 260 |
_aMadrid : _bMinisterio de Agricultura, _c1978 |
||
| 300 |
_a80 p. _b: ilus. |
||
| 490 | 0 | _aMinisterio de Agricultura. Agricultura práctica | |
| 590 |
_aBATCH-UPD _b10 _c20130110 _lUCH01 _h1112 |
||
| 590 |
_aBATCH-UPD _b10 _c20130410 _lUCH01 _h0703 |
||
| 590 |
_aBATCH-UPD _b10 _c20130914 _lUCH01 _h1829 |
||
| 590 |
_aCONVERSION _b10 _c20130109 _lUCH01 _h1340 |
||
| 650 | 1 | 4 |
_aSetas. _9105368 |
| 830 | 0 |
_aMinisterio de Agricultura. Agricultura práctica _975972 |
|
| 901 | _aBK | ||
| 942 | _cLIBRO | ||
| 949 |
_a635.8 G37 _bBC _cLIBRO _d-38876 _eLIBRO _h55597 _i83899 _si |
||
| 949 |
_a635.8 G37 _bBC _cLIBRO _d33724000249058 _eLIBRO _fc.2 _h55598 _i83899 _si |
||
| 999 |
_c73368 _d73368 |
||